تحقيق الذات والقيادة المستقبلية بين النظرية والتطبيق : (رقم التسجيلة. 80036)

تفاصيل مارك
000 -الفاتح
حقل البيانات ثابتة الطول 01076nam a22002657a 4500
003 - محدد رقم الضبط
رقم الضبط OSt
005 - وقت وتاريخ اخر تعامل مع التسجيلة
رقم الضبط 20220612110427.0
008 - عناصر البيانات ثابتة الطول - معلومات عامة
حقل البيانات ثابتة الطول 220612b2016 jo ||||g |||| 00| 0 ara d
020 ## - الرقم الدولى المعيارى للكتب
الرقم الدولى المعيارى للكتاب 9789957900984
040 ## - مصدر الفهرسة
وكالة الفهرسة الأصلية Ma-Un
وكالة النسخ Ma-Un
082 04 - رقم تصنيف ديوى العشرى
رقم التصنيف 158.1
رقم المادة ق ي ت
رقم الطبعة 21
100 1# - المدخل الرئيسى - إسم شخصى
الإسم الشخصى قطامي، يوسف
245 10 - بيان العنوان
العنوان تحقيق الذات والقيادة المستقبلية بين النظرية والتطبيق :
بقية العنوان برنامج تدريبي /
بيان المسئوليه,etc تأليف يوسف قطامي، منى أبو نعيم.
250 ## - بيان الطبعة
بيان الطبعة ط. 1.
260 ## - PUBLICATION, DISTRIBUTION, ETC. (IMPRINT)
مكان الناشر او الموزع عمان، الأردن :
اسم الناشر او الموزع مركز ديبونو لتعليم التفكير،
تاريخ النشر أو التوزيع 2016
تاريخ النشر هجري 1437
300 ## - الوصف المادى
التعداد 164 ص. :
تفاصيل ماديه اخرى للوعاء إيض. ؛
أبعاد الوعاء 24 سم.
504 ## - تبصرة ببليوجرافية
تبصرة ببليوجرافية,الخ يشتمل على قائمة ببليوجرافية.
650 #7 - المدخل الاضافى بالموضوع-مصطلح موضوعى
مصطلح موضوعي أو اسم جغرافي كعنصر مدخل النجاح الشخصي
650 #7 - المدخل الاضافى بالموضوع-مصطلح موضوعى
مصطلح موضوعي أو اسم جغرافي كعنصر مدخل الأنا
التقسيم الفرعي العام جوانب نفسية
650 #7 - المدخل الاضافى بالموضوع-مصطلح موضوعى
مصطلح موضوعي أو اسم جغرافي كعنصر مدخل علم النفس التطبيقي
650 #7 - المدخل الاضافى بالموضوع-مصطلح موضوعى
مصطلح موضوعي أو اسم جغرافي كعنصر مدخل النجاح
650 #7 - المدخل الاضافى بالموضوع-مصطلح موضوعى
مصطلح موضوعي أو اسم جغرافي كعنصر مدخل القيادة
700 1# - المدخل الاضافى - اسم شخصى
الإسم الشخصى أبو نعيم، منى،
الدور م. مشارك.
952 ## - LOCATION AND ITEM INFORMATION (KOHA)
نوع المادة فى نظام كوها كتاب
952 ## - LOCATION AND ITEM INFORMATION (KOHA)
نوع المادة فى نظام كوها كتاب
952 ## - LOCATION AND ITEM INFORMATION (KOHA)
نوع المادة فى نظام كوها كتاب
952 ## - LOCATION AND ITEM INFORMATION (KOHA)
نوع المادة فى نظام كوها كتاب
952 ## - LOCATION AND ITEM INFORMATION (KOHA)
نوع المادة فى نظام كوها كتاب
952 ## - LOCATION AND ITEM INFORMATION (KOHA)
نوع المادة فى نظام كوها كتاب
952 ## - LOCATION AND ITEM INFORMATION (KOHA)
نوع المادة فى نظام كوها كتاب
942 ## -
-- ddc
-- BOOK
المقتنيات
حالة الفقد نموذج السعر الفعال حالة تلف ليس للاعارة تاريخ الاكتساب رقم الطلب تاريخ الاكتساب الموقع الحالي الباركود الفرع الرئيسي Date last seen مصدر التصنيف او خطة الترفيف Total Checkouts
  2022-06-13   Not For Loan 2022-06-13 158.1 ق ي ت 2022-06-13 CL 00172192 المكتبة المركزية بالمجمعة (CL) 2022-06-13 Dewey Decimal Classification  
  2022-06-13     2022-06-13 158.1 ق ي ت 2022-06-13 CL 00172193 المكتبة المركزية بالمجمعة (CL) 2022-06-13 Dewey Decimal Classification  
  2022-06-13     2022-06-13 158.1 ق ي ت 2022-06-13 CL 00172194 المكتبة المركزية بالمجمعة (CL) 2022-06-13 Dewey Decimal Classification  
  2022-06-13   Not For Loan 2022-06-13 158.1 ق ي ت 2022-06-13 EMF 00172197 مكتبة مجمع الطالبات بالمجمعة (EMF) 2022-06-13 Dewey Decimal Classification  
  2022-06-13     2022-06-13 158.1 ق ي ت 2022-06-13 EMF 00172198 مكتبة مجمع الطالبات بالمجمعة (EMF) 2022-06-13 Dewey Decimal Classification  
  2022-06-13   Not For Loan 2022-06-13 158.1 ق ي ت 2022-06-13 EZF 00172195 مكتبة كلية التربية بالزلفى - طالبات (EZF) 2022-06-13 Dewey Decimal Classification  
  2022-06-13     2022-06-13 158.1 ق ي ت 2022-06-13 EZF 00172196 مكتبة كلية التربية بالزلفى - طالبات (EZF) 2022-06-13 Dewey Decimal Classification